000 00449nam a2200169Ia 4500
003 GCL
008 140319s9999 xx 000 0 ara d
040 _aGCL /
_cGCL
082 0 4 _a250
_bم م
100 1 _aمحمد قطب
245 1 0 _aمفاهيم ينبغى ان تصحح /
_cمحمد قطب
260 _a[S.N] :
_bدار الشروق ،
_c1992
300 _a380 ص
490 _a
650 0 4 _aالفقه الاسلامى
942 _2ddc
_cBK
999 _c54822
_d54822